Global humanitarianism and media culture (Record no. 93853)

MARC details
000 -LEADER
fixed length control field 01808nam a2200253Ii 4500
008 - FIXED-LENGTH DATA ELEMENTS--GENERAL INFORMATION
fixed length control field 221202s xx 000 0 und d
245 #0 - TITLE STATEMENT
Title Global humanitarianism and media culture
264 #1 - PRODUCTION, PUBLICATION, DISTRIBUTION, MANUFACTURE, AND COPYRIGHT NOTICE
Place of production, publication, distribution, manufacture Manchester
Name of producer, publisher, distributor, manufacturer Manchester University Press
Date of production, publication, distribution, manufacture, or copyright notice 2019
300 ## - PHYSICAL DESCRIPTION
Extent 1 online resource
336 ## - CONTENT TYPE
Content type term text
Content type code txt
Source rdacontent
337 ## - MEDIA TYPE
Media type term computer
Media type code c
Source rdamedia
338 ## - CARRIER TYPE
Carrier type term online resource
Carrier type code cr
Source rdacarrier
490 ## - SERIES STATEMENT
Series statement Humanitarianism: Key Debates and New Approaches
520 ## - SUMMARY, ETC.
Summary, etc. There is as yet no collection that examines the longer histories of global humanitarianism and media culture, which would enable readers to consider the various continuities, as well as the differences, characterising the mass media's relationship with international humanitarian crisis and relief. This collection examines this relationship from the 1950s to the present, from Marshall Plan documentaries and the promotion of the Peace Corps in the decades following the Second World War to the role of Facebook in the work of NGOS and the media's response to the current refugee crisis. The majority of the contributors to the proposed volume are specialists in the fields of media, film and cultural studies and approach the question of humanitarianism-media culture relations from a variety of critical and theoretical perspectives, and draw on other disciplines such as sociology, journalism, politics and anthropology.
653 ## - INDEX TERM--UNCONTROLLED
Uncontrolled term Development
653 ## - INDEX TERM--UNCONTROLLED
Uncontrolled term Documentary
653 ## - INDEX TERM--UNCONTROLLED
Uncontrolled term Humanitarianism
653 ## - INDEX TERM--UNCONTROLLED
Uncontrolled term Political Science
653 ## - INDEX TERM--UNCONTROLLED
Uncontrolled term The Peace Corps
700 1# - ADDED ENTRY--PERSONAL NAME
Personal name Lawrence, Michael
700 1# - ADDED ENTRY--PERSONAL NAME
Personal name Tavernor, Rachel
856 ## - ELECTRONIC LOCATION AND ACCESS
Uniform Resource Identifier <a href="https://docs.google.com/spreadsheets/d/1yKIrdCPDAG_9c22mwoOIO2DOhtj65Wqa/edit?usp=sharing&ouid=106555315294820607512&rtpof=true&sd=true ">https://docs.google.com/spreadsheets/d/1yKIrdCPDAG_9c22mwoOIO2DOhtj65Wqa/edit?usp=sharing&ouid=106555315294820607512&rtpof=true&sd=true </a>
Link text List of Curated E-Books
942 ## - ADDED ENTRY ELEMENTS (KOHA)
Koha item type E-Book

No items available.

University of Rizal System
Email us at univlibservices@urs.edu.ph

Visit our Website www.urs.edu.ph/library